[Event "V4 Liptov 2017"]
[Site "?"]
[Date "2017.06.21"]
[Round "1.23"]
[White "Schmidt, Richard"]
[Black "Valigursky, Michal"]
[Result "1-0"]
[BlackElo "1713"]
[WhiteElo "1363"]
[LiveChessVersion "1.4.8"]

1. e4 {[%clk 1:00:49]} e5 {[%clk 1:00:53]} 2. Nf3 {[%clk 1:00:58]} Nc6
{[%clk 1:00:51]} 3. Bb5 {[%clk 1:00:51]} a6 {[%clk 1:00:31]} 4. Ba4
{[%clk 1:01:01]} Nf6 {[%clk 1:00:30]} 5. d3 {[%clk 1:01:02]} b5 {[%clk 1:00:29]}
6. Bb3 {[%clk 1:01:07]} Be7 {[%clk 1:00:24]} 7. O-O {[%clk 1:00:43]} O-O
{[%clk 1:00:20]} 8. Bg5 {[%clk 1:00:07]} d6 {[%clk 0:56:54]} 9. Bxf6
{[%clk 0:59:51]} Bxf6 {[%clk 0:56:37]} 10. h3 {[%clk 0:59:57]} Be6
{[%clk 0:54:05]} 11. Bxe6 {[%clk 0:58:14]} fxe6 {[%clk 0:54:24]} 12. a3
{[%clk 0:57:46]} d5 {[%clk 0:53:25]} 13. Nbd2 {[%clk 0:57:44]} Ne7
{[%clk 0:48:45]} 14. Re1 {[%clk 0:57:37]} Ng6 {[%clk 0:48:16]} 15. a4
{[%clk 0:53:38]} Qd7 {[%clk 0:45:43]} 16. b3 {[%clk 0:52:55]} Qc6
{[%clk 0:42:33]} 17. Ra2 {[%clk 0:52:46]} Rfd8 {[%clk 0:41:07]} 18. Qb1
{[%clk 0:51:14]} Be7 {[%clk 0:32:06]} 19. exd5 {[%clk 0:51:02]} exd5
{[%clk 0:20:49]} 20. Nxe5 {[%clk 0:50:56]} Nxe5 {[%clk 0:21:15]} 21. Rxe5
{[%clk 0:51:13]} Bf6 {[%clk 0:19:58]} 22. Re2 {[%clk 0:49:51]} Re8
{[%clk 0:19:09]} 23. Rxe8+ {[%clk 0:49:43]} Rxe8 {[%clk 0:19:33]} 24. Nf3
{[%clk 0:49:45]} b4 {[%clk 0:19:18]} 25. d4 {[%clk 0:47:59]} Re4 {[%clk 0:15:15]}
26. Qd1 {[%clk 0:47:29]} Qc3 {[%clk 0:14:10]} 27. Qd3 {[%clk 0:47:08]} Bxd4
{[%clk 0:11:33]} 28. Nxd4 {[%clk 0:47:17]} Rxd4 {[%clk 0:09:18]} 29. Qxa6
{[%clk 0:47:03]} Rd1+ {[%clk 0:05:03]} 30. Kh2 {[%clk 0:47:17]} Qe5+
{[%clk 0:05:22]} 31. g3 {[%clk 0:47:15]} Qe4 {[%clk 0:02:00]} 32. Qc8+
{[%clk 0:46:00]} Kf7 {[%clk 0:02:18]} 33. Qxc7+ {[%clk 0:46:13]} Kg6
{[%clk 0:01:35]} 34. Qd6+ {[%clk 0:46:05]} Kf7 {[%clk 0:01:53]} 35. Qf4+
{[%clk 0:46:19]} Qxf4 {[%clk 0:01:21]} 36. gxf4 {[%clk 0:46:35]} Ke6
{[%clk 0:01:12]} 37. a5 {[%clk 0:46:46]} Rd2 {[%clk 0:00:51]} 38. Kg3
{[%clk 0:46:55]} d4 {[%clk 0:01:12]} 39. Kf3 {[%clk 0:46:35]} Kd5
{[%clk 0:01:23]} 40. a6 {[%clk 0:46:46]} d3 {[%clk 0:01:02]} 41. Ke3
{[%clk 0:47:00]} Re2+ {[%clk 0:01:24]} 42. Kxd3 {[%clk 0:47:14]} Re8
{[%clk 0:01:30]} 43. a7 {[%clk 0:47:13]} Ra8 {[%clk 0:01:56]} 44. Ra5+
{[%clk 0:47:31]} Kc6 {[%clk 0:02:16]} 45. Kc4 {[%clk 0:47:53]} Kb6
{[%clk 0:02:26]} 46. Kxb4 {[%clk 0:47:56]} Rxa7 {[%clk 0:02:46]} 47. Rxa7
{[%clk 0:48:07]} Kxa7 {[%clk 0:03:15]} 48. Kb5 {[%clk 0:48:21]} 1-0